000 00500nam a2200193Ia 4500
005 20250326141634.0
008 250326s9999 xx 000 0 und d
037 _aTextbook
040 _aFMSL
_beng
_cFMSL
041 _aeng
_2eng
084 _qFMSL
100 _aKrishnamurthi S
245 0 _aPrinciples of law relating to MRTP
_cKrishnamurthi S
250 _a3RD
260 _aNew Delhi
_bNew Delhi, Orint law House
_c1989
300 _a747p
942 _cTB
999 _c1291263
_d1291263